They Might Be Giants Songs - Sudden Death - Statistics

General Stats
  • This quiz has been taken 149 times
  • The average score is 10 of 16
Answers on the Grid
Answers color-coded by a green-red scale on the quiz's grid according to % correct below.
Ana Ng
The Mesopotamians
Exhuming McCarthy
Lost in the Supermarket
Don't Let's Start
Meet James Ensor
Fingertips
Man, It's So Loud in Here
Little Dark Age
Fake Tales of San Francisco
Kissing the Lipless
Purple Toupee
The Great Gig in the Sky
Stella Was a Diver and She Was Always Down
Randy Described Eternity
Kiss Me, Son of God
Birdhouse in Your Soul
Everything You Know Is Wrong
Placebo Headwound
Your Racist Friend
The Statue Got Me High
Everybody's Got Something to Hide Except Me and My Monkey
Doin' the Cockroach
Experimental Film
Snail Shell
Particle Man
Vicar in a Tutu
They'll Need a Crane
Rococo
Is She Weird
Communist Daughter
Put Your Hand Inside the Puppet Head
 
Answer Stats
Answer % Correct
Birdhouse in Your Soul
93%
Ana Ng
91%
Don't Let's Start
80%
Kiss Me, Son of God
78%
Your Racist Friend
74%
Particle Man
72%
The Mesopotamians
72%
Purple Toupee
63%
The Statue Got Me High
54%
They'll Need a Crane
52%
Put Your Hand Inside the Puppet Head
48%
Man, It's So Loud in Here
46%
Fingertips
41%
Snail Shell
39%
Experimental Film
37%
Meet James Ensor
35%
No matching quizzes found
Score Distribution
Percent of People with Each Score
Percentile by Number Answered
Your Score History
You have not taken this quiz